[Event "Tamil Nadu IM 29th"]
[Site "Coimbatore"]
[Date "2024.09.27"]
[Round "7"]
[White "Annageldyev, Orazly"]
[Black "Md, Imran"]
[Result "0-1"]
[WhiteElo "2105"]
[BlackElo "2337"]
[PlyCount "74"]
[EventDate "2024.09.23"]
[EventType "tourn"]
[EventRounds "9"]
[EventCountry "IND"]
[EventCategory "1"]
[SourceTitle "EXT 2025"]
[Source "ChessBase"]
[SourceDate "2024.10.14"]
[SourceVersion "1"]
[SourceVersionDate "2024.10.14"]
[SourceQuality "1"]

1. Nf3 f5 2. g3 Nf6 3. Bg2 g6 4. c4 Bg7 5. Nc3 0-0 6. 0-0 d6 7. d3 e5 8. c5 Nc6 9. cxd6 cxd6 10. Ng5 Kh8 11. f4 h6 12. Nf3 Qb6+ 13. e3 Be6 14. Kh1 Rae8 15. Nh4 Kh7 16. e4 Ng4 17. Qe1 exf4 18. gxf4 Bd4 19. Nd1 Nb4 20. Qe2 Qb5 21. h3 Nf6 22. Nf3 Bb6 23. Nc3 Qxd3 24. Qxd3 Nxd3 25. e5 Nh5 26. Kh2 dxe5 27. Nxe5 Nxe5 28. fxe5 Bc7 29. Bxb7 Bxe5+ 30. Kg2 g5 31. Be3 Bxc3 32. bxc3 Bd5+ 33. Bxd5 Rxe3 34. Rf3 Nf4+ 35. Kf2 Re2+ 36. Kf1 Rh2 37. c4 Rh1+ 0-1

[Event "Tamil Nadu IM 26th"]
[Site "Coimbatore"]
[Date "2024.09.05"]
[Round "9"]
[White "Annageldyev, Orazly"]
[Black "Rohit, S3."]
[Result "0-1"]
[WhiteElo "2271"]
[BlackElo "2311"]
[PlyCount "74"]
[EventDate "2024.08.30"]
[EventType "tourn"]
[EventRounds "9"]
[EventCountry "IND"]
[EventCategory "2"]
[SourceTitle "EXT 2025"]
[Source "ChessBase"]
[SourceDate "2024.10.14"]
[SourceVersion "1"]
[SourceVersionDate "2024.10.14"]
[SourceQuality "1"]

1. e4 e5 2. Nf3 Nc6 3. Bc4 Bc5 4. 0-0 Nf6 5. d3 0-0 6. Re1 d6 7. c3 a5 8. Bb3 h6 9. Nbd2 Be6 10. Bc2 Ba7 11. Nf1 Ne7 12. h3 Ng6 13. Ng3 Qd7 14. d4 Rae8 15. dxe5 dxe5 16. Qxd7 Bxd7 17. Be3 Bxe3 18. Rxe3 Re6 19. Rd1 Rb6 20. b3 Be6 21. Ne2 Rc6 22. Ne1 b5 23. f3 Nh5 24. Kf2 Nhf4 25. Nc1 Ra8 26. h4 Nxh4 27. g3 Nh3+ 28. Ke2 Ng6 29. Red3 Kh7 30. Re3 Kg8 31. Bd3 Rb8 32. Bb1 Kf8 33. Red3 Ke7 34. Ke3 h5 35. Ng2 h4 36. Rh1 hxg3 37. Rxh3 Bxh3 0-1

[Event "Tamil Nadu IM 26th"]
[Site "Coimbatore"]
[Date "2024.09.03"]
[Round "7"]
[White "Annageldyev, Orazly"]
[Black "Borgaonkar, Akshay"]
[Result "0-1"]
[WhiteElo "2271"]
[BlackElo "2412"]
[PlyCount "86"]
[EventDate "2024.08.30"]
[EventType "tourn"]
[EventRounds "9"]
[EventCountry "IND"]
[EventCategory "2"]
[SourceTitle "EXT 2025"]
[Source "ChessBase"]
[SourceDate "2024.10.14"]
[SourceVersion "1"]
[SourceVersionDate "2024.10.14"]
[SourceQuality "1"]

1. Nf3 Nf6 2. c4 g6 3. Nc3 Bg7 4. g3 c5 5. Bg2 Nc6 6. 0-0 d6 7. d3 Bd7 8. Bd2 Qc8 9. Qc1 h5 10. h4 Bh3 11. Nd5 Nxd5 12. cxd5 Nd4 13. Nxd4 Bxd4 14. Bc3 Bxc3 15. Qxc3 0-0 16. d4 Bxg2 17. Kxg2 b6 18. dxc5 bxc5 19. f4 Qf5 20. Rad1 Rab8 21. b3 Rb4 22. Qd3 Rfb8 23. Qxf5 gxf5 24. Rf3 Kg7 25. Rc3 a5 26. Kf3 Kf6 27. Rdd3 R8b6 28. a3 Re4 29. Re3 Rd4 30. Red3 a4 31. bxa4 Rxa4 32. Ke3 Rb2 33. Kf3 Ra2 34. Kf2 Re4 35. Re3 e6 36. Rxe4 fxe4 37. dxe6 fxe6 38. Rc4 Kf5 39. Ra4 d5 40. Ra8 d4 41. Rg8 d3 42. Rg5+ Kf6 43. Rxc5 d2 0-1

[Event "Tamil Nadu IM 25th"]
[Site "Chennai"]
[Date "2024.08.27"]
[Round "8"]
[White "Sriram, Adarsh Uppala"]
[Black "Annageldyev, Orazly"]
[Result "1-0"]
[WhiteElo "2195"]
[BlackElo "2271"]
[PlyCount "73"]
[EventDate "2024.08.22"]
[EventType "tourn"]
[EventRounds "9"]
[EventCountry "IND"]
[EventCategory "1"]
[SourceTitle "CBM 221 Extra"]
[Source "ChessBase"]
[SourceDate "2024.09.30"]
[SourceVersion "1"]
[SourceVersionDate "2024.09.30"]
[SourceQuality "1"]

1. Nf3 Nf6 2. b3 g6 3. Bb2 Bg7 4. e3 0-0 5. d4 c5 6. dxc5 Qc7 7. b4 b6 8. cxb6 Qxb6 9. a3 Bb7 10. Nbd2 d6 11. Be2 Nbd7 12. 0-0 Rfd8 13. Nc4 Qc7 14. Na5 Be4 15. c4 e5 16. Rc1 Rac8 17. Nd2 Ba8 18. Bf3 e4 19. Be2 Ne5 20. Bxe5 dxe5 21. Qc2 Qd7 22. Rfd1 Qf5 23. Nf1 Rf8 24. c5 Bd5 25. Bc4 Ba8 26. c6 Rc7 27. b5 h5 28. Ng3 Qg4 29. h3 Qh4 30. Nb3 Kh7 31. Nc5 Bxc6 32. bxc6 Rxc6 33. Bb5 Rb6 34. Qa4 Bh6 35. Ncxe4 Nxe4 36. Nxe4 Rxb5 37. g3 1-0

[Event "Tamil Nadu IM 25th"]
[Site "Chennai"]
[Date "2024.08.23"]
[Round "2"]
[White "Annageldyev, Orazly"]
[Black "Uuriintuya, Uurtsaikh"]
[Result "1/2-1/2"]
[WhiteElo "2271"]
[BlackElo "2212"]
[PlyCount "164"]
[EventDate "2024.08.22"]
[EventType "tourn"]
[EventRounds "9"]
[EventCountry "IND"]
[EventCategory "1"]
[SourceTitle "CBM 221 Extra"]
[Source "ChessBase"]
[SourceDate "2024.09.30"]
[SourceVersion "1"]
[SourceVersionDate "2024.09.30"]
[SourceQuality "1"]

1. d4 Nf6 2. Nf3 g6 3. g3 Bg7 4. Bg2 0-0 5. 0-0 d6 6. Nc3 Nbd7 7. e4 e5 8. h3 Re8 9. Re1 c6 10. a4 Qa5 11. dxe5 Nxe5 12. Nd4 Bd7 13. Nb3 Qc7 14. Nd2 Be6 15. a5 Rad8 16. f4 Ned7 17. Nf3 b5 18. axb6 Qxb6+ 19. Kh2 Nc5 20. Na4 Qb5 21. Nd4 Qb7 22. Nxe6 Nxe6 23. f5 Nc5 24. Nxc5 dxc5 25. Qf3 gxf5 26. Qxf5 Re5 27. Qf2 Rde8 28. Ra4 Rh5 29. Bf3 Rhe5 30. Bf4 R5e6 31. Qxc5 Qxb2 32. Rxa7 Nd5 33. Bh5 Bd4 34. Bxf7+ Kh8 35. Bc1 Qc3 36. Qxc3 Nxc3 37. Bxe8 Bxa7 38. Bb2 Bd4 39. Bd7 Rd6 40. Bf5 Be5 41. Re2 Kg8 42. Bxc3 Bxc3 43. Kg2 Be5 44. Kf3 c5 45. Bc8 Rd1 46. Kg4 Rf1 47. Re3 Kg7 48. h4 c4 49. Ba6 Rf2 50. Bxc4 Rxc2 51. Bd3 Rg2 52. Kh3 Rf2 53. Kg4 Kg6 54. Kh3 Kg7 55. Bb5 Rb2 56. Bd7 Rc2 57. Bf5 h6 58. Rd3 Rc3 59. Rxc3 Bxc3 60. Kg4 Be5 61. Kh3 Kf6 62. g4 Bf4 63. g5+ hxg5 64. Kg4 Bc1 65. h5 Kg7 66. e5 Bb2 67. e6 Bf6 68. Bg6 Bd8 69. Kf5 Be7 70. Bf7 Kh6 71. Be8 Kg7 72. Bc6 Kh6 73. Bf3 Kg7 74. Bg4 Bd8 75. Ke5 Be7 76. Kd5 Ba3 77. Kc6 Kf6 78. Kd7 Bb4 79. Be2 Ba3 80. Bf3 Bb4 81. Be4 g4 82. h6 g3 1/2-1/2

[Event "Tamil Nadu IM 24th"]
[Site "Chennai"]
[Date "2024.08.16"]
[Round "4"]
[White "Kalyani, Sirin"]
[Black "Annageldyev, Orazly"]
[Result "1-0"]
[WhiteElo "2221"]
[BlackElo "2271"]
[PlyCount "71"]
[EventDate "2024.08.14"]
[EventType "tourn"]
[EventRounds "9"]
[EventCountry "IND"]
[SourceTitle "CBM 221 Extra"]
[Source "ChessBase"]
[SourceDate "2024.09.30"]
[SourceVersion "1"]
[SourceVersionDate "2024.09.30"]
[SourceQuality "1"]

1. e4 e5 2. Nf3 Nc6 3. Bb5 a6 4. Ba4 Nf6 5. 0-0 b5 6. Bb3 Be7 7. Re1 d6 8. c3 0-0 9. h3 Na5 10. Bc2 c5 11. d4 Qc7 12. d5 Bd7 13. Nbd2 c4 14. Nf1 Nb7 15. Ng3 Nc5 16. Nh4 g6 17. Bh6 Rfe8 18. Qf3 Qd8 19. Rad1 Ng4 20. Nhf5 gxf5 21. hxg4 fxg4 22. Qe3 Kh8 23. Nf5 Bxf5 24. exf5 Rg8 25. Bf4 Bf6 26. Bg3 Qf8 27. b4 cxb3 28. axb3 h5 29. b4 Nd7 30. Kf1 h4 31. Bxh4 Bxh4 32. Ke2 Kg7 33. f6+ Nxf6 34. Rh1 Qe7 35. Rxh4 Nxd5 36. Qh6# 1-0

[Event "Tamil Nadu IM 24th"]
[Site "Chennai"]
[Date "2024.08.15"]
[Round "2"]
[White "Annageldyev, Orazly"]
[Black "Jaiveer, Mahendru"]
[Result "0-1"]
[WhiteElo "2271"]
[BlackElo "2220"]
[PlyCount "166"]
[EventDate "2024.08.14"]
[EventType "tourn"]
[EventRounds "9"]
[EventCountry "IND"]
[SourceTitle "CBM 221 Extra"]
[Source "ChessBase"]
[SourceDate "2024.09.30"]
[SourceVersion "1"]
[SourceVersionDate "2024.09.30"]
[SourceQuality "1"]

1. d4 d5 2. Nf3 Nf6 3. Bf4 Bf5 4. e3 e6 5. Bd3 Bg6 6. Nc3 Bd6 7. Ne5 Nbd7 8. Nxg6 hxg6 9. Bxd6 cxd6 10. 0-0 a6 11. Re1 Qb6 12. a3 Rc8 13. Qf3 Nb8 14. Rad1 Nc6 15. Qg3 Ne7 16. e4 dxe4 17. Nxe4 Nxe4 18. Bxe4 d5 19. Bd3 Qxb2 20. Rb1 Qc3 21. Red1 Qc7 22. Rb2 Nc6 23. Rdb1 Qxg3 24. hxg3 Nd8 25. Rb4 Kd7 26. c4 dxc4 27. Bxc4 Rh5 28. Be2 Ra5 29. a4 Rc2 30. Bf3 Ra2 31. Bxb7 R2xa4 32. Rb6 Kc7 33. Bf3 Rxd4 34. R6b2 Rd6 35. Rc1+ Kd7 36. Rbc2 Ra4 37. Rc7+ Ke8 38. Rc8 Ke7 39. Ra8 Kf6 40. Rcc8 Ra1+ 41. Kh2 Ke7 42. g4 g5 43. Rc7+ Rd7 44. Rc5 f6 45. Kg3 Ra3 46. Rc2 e5 47. Kh2 Ne6 48. Be4 Nd4 49. Rb2 Rc7 50. Rbb8 Ra2 51. f3 Kd6 52. Rb6+ Kc5 53. Rbxa6 Rxa6 54. Rxa6 Kb4 55. Kg3 Nb3 56. Ra2 Rd7 57. Bf5 Rd2 58. Ra7 Nd4 59. Rxg7 Ne2+ 60. Kf2 Nf4+ 61. Kf1 Rd1+ 62. Kf2 Rd2+ 63. Kf1 Nxg2 64. Rf7 Ne3+ 65. Ke1 Rd6 66. Be4 Kc3 67. Rc7+ Nc4 68. Kf2 Kd4 69. Ra7 Rb6 70. Rd7+ Rd6 71. Ra7 Nd2 72. Ra4+ Kc3 73. Ra3+ Kb4 74. Re3 Nc4 75. Re1 Rd2+ 76. Kg3 Kc3 77. Ra1 Ne3 78. Kh3 Ng2 79. Kh2 Kd4 80. Kg1 Ke3 81. Kf1 Kf4 82. Ra3 Rb2 83. Ba8 Ne3+ 0-1

[Event "Tamil Nadu IM 24th"]
[Site "Chennai"]
[Date "2024.08.14"]
[Round "1"]
[White "Gochelashvili, David"]
[Black "Annageldyev, Orazly"]
[Result "1-0"]
[WhiteElo "2230"]
[BlackElo "2271"]
[PlyCount "51"]
[EventDate "2024.08.14"]
[EventType "tourn"]
[EventRounds "9"]
[EventCountry "IND"]
[SourceTitle "CBM 221 Extra"]
[Source "ChessBase"]
[SourceDate "2024.09.30"]
[SourceVersion "1"]
[SourceVersionDate "2024.09.30"]
[SourceQuality "1"]

1. e4 e5 2. Nf3 Nc6 3. Bc4 Bc5 4. c3 Nf6 5. d3 d6 6. 0-0 0-0 7. b4 Bb6 8. Bg5 h6 9. Bh4 g5 10. Bg3 Bg4 11. h3 Bh5 12. Nbd2 a6 13. Re1 Ne7 14. d4 Ng6 15. Qc2 Qe7 16. Be2 Kh8 17. Nc4 Bxf3 18. Bxf3 Ba7 19. Ne3 Kh7 20. Nf5 Qe8 21. Rad1 Qe6 22. c4 exd4 23. e5 dxe5 24. c5 b5 25. Nxd4 Qe8 26. Bxe5 1-0

[Event "Tamil Nadu IM 22nd"]
[Site "Chennai"]
[Date "2024.08.01"]
[Round "5"]
[White "Annageldyev, Orazly"]
[Black "Daaevik, Wadhawan"]
[Result "0-1"]
[WhiteElo "2316"]
[BlackElo "2324"]
[PlyCount "68"]
[EventDate "2024.07.29"]
[EventType "tourn"]
[EventRounds "9"]
[EventCountry "IND"]
[EventCategory "2"]
[SourceTitle "CBM 221 Extra"]
[Source "ChessBase"]
[SourceDate "2024.09.30"]
[SourceVersion "1"]
[SourceVersionDate "2024.09.30"]
[SourceQuality "1"]

1. d4 Nf6 2. Nf3 g6 3. Bg5 Bg7 4. e3 0-0 5. Be2 d5 6. Nbd2 Nbd7 7. 0-0 Re8 8. c4 e5 9. dxe5 Nxe5 10. Nxe5 Rxe5 11. Nf3 Re8 12. cxd5 Qxd5 13. Qxd5 Nxd5 14. Rad1 c6 15. Nd4 a5 16. Bf3 h6 17. Bh4 Ne7 18. Rd2 Nf5 19. Nxf5 Bxf5 20. h3 a4 21. a3 Be6 22. Rc1 Bb3 23. Bd1 g5 24. Bxb3 axb3 25. Bg3 Red8 26. Rcd1 Rxd2 27. Rxd2 c5 28. Kf1 c4 29. Ke2 Ra6 30. Kd1 c3 31. Rd8+ Kh7 32. Rd3 c2+ 33. Kc1 Bxb2+ 34. Kxb2 Rc6 0-1

[Event "Tamil Nadu IM 22nd"]
[Site "Chennai"]
[Date "2024.07.31"]
[Round "4"]
[White "Aakash, G2."]
[Black "Annageldyev, Orazly"]
[Result "1-0"]
[WhiteElo "2265"]
[BlackElo "2316"]
[PlyCount "109"]
[EventDate "2024.07.29"]
[EventType "tourn"]
[EventRounds "9"]
[EventCountry "IND"]
[EventCategory "2"]
[SourceTitle "CBM 221 Extra"]
[Source "ChessBase"]
[SourceDate "2024.09.30"]
[SourceVersion "1"]
[SourceVersionDate "2024.09.30"]
[SourceQuality "1"]

1. d4 Nf6 2. c4 c5 3. d5 e6 4. Nc3 exd5 5. cxd5 d6 6. e4 g6 7. h3 Bg7 8. Bd3 0-0 9. Nf3 Re8 10. 0-0 Na6 11. Re1 Nc7 12. Bf4 b6 13. Rc1 Ba6 14. Bxa6 Nxa6 15. Qa4 Nb4 16. Qb5 Qd7 17. Qc4 Rab8 18. e5 b5 19. Qb3 Nd3 20. exf6 Nxc1 21. Rxc1 Bxf6 22. Qc2 c4 23. Rd1 Bg7 24. Ne2 Qf5 25. Rd2 Qxc2 26. Rxc2 Rb6 27. Be3 Rb7 28. Bd4 b4 29. Bxg7 Kxg7 30. Ned4 Rc8 31. Nc6 b3 32. axb3 cxb3 33. Rc1 Rb5 34. Rd1 Ra8 35. Rd3 a5 36. Nfd4 Rxd5 37. Rxb3 Re8 38. Ra3 Re1+ 39. Kh2 Rd1 40. Nf3 Rb5 41. b3 Rd3 42. Nxa5 Kf6 43. Ra4 g5 44. Nc4 Rbxb3 45. Ra6 h5 46. Nxd6 g4 47. Ne4+ Kg7 48. Nh4 Rd5 49. Ng3 Rb2 50. Nhf5+ Kh7 51. Rh6+ Kg8 52. Ne7+ Kg7 53. Ngf5+ Rxf5 54. Nxf5+ Kg8 55. hxg4 1-0

[Event "Tamil Nadu IM 22nd"]
[Site "Chennai"]
[Date "2024.07.30"]
[Round "2"]
[White "Nandish, VS."]
[Black "Annageldyev, Orazly"]
[Result "1-0"]
[WhiteElo "2185"]
[BlackElo "2316"]
[PlyCount "87"]
[EventDate "2024.07.29"]
[EventType "tourn"]
[EventRounds "9"]
[EventCountry "IND"]
[EventCategory "2"]
[SourceTitle "CBM 221 Extra"]
[Source "ChessBase"]
[SourceDate "2024.09.30"]
[SourceVersion "1"]
[SourceVersionDate "2024.09.30"]
[SourceQuality "1"]

1. d4 Nf6 2. c4 c5 3. d5 b5 4. cxb5 a6 5. b6 e6 6. Nc3 exd5 7. Nxd5 Nxd5 8. Qxd5 Nc6 9. Nf3 Be7 10. Ne5 0-0 11. Nxc6 dxc6 12. Qxd8 Bxd8 13. e3 Rb8 14. b7 Ba5+ 15. Bd2 Bxd2+ 16. Kxd2 Rxb7 17. Kc3 Rd7 18. Be2 Rfd8 19. Rhd1 Kf8 20. Rxd7 Rxd7 21. Bg4 Rd8 22. Bxc8 Rxc8 23. Rd1 Ke7 24. Kc4 Rb8 25. b3 Rb5 26. Rd3 a5 27. a4 Rb4+ 28. Kxc5 g5 29. Kxc6 Kf6 30. f3 h6 31. g3 Kg6 32. Kc5 f6 33. e4 h5 34. h3 g4 35. hxg4 hxg4 36. Kd5 gxf3 37. Rxf3 Rb8 38. e5 f5 39. e6 Kf6 40. g4 Rd8+ 41. Kc4 Kxe6 42. Rxf5 Ra8 43. Rb5 Kd6 44. g5 1-0

[Event "Tamil Nadu IM 21st"]
[Site "Chennai"]
[Date "2024.07.27"]
[Round "9"]
[White "Manik, Mikulas"]
[Black "Annageldyev, Orazly"]
[Result "1-0"]
[WhiteElo "2338"]
[BlackElo "2316"]
[PlyCount "63"]
[EventDate "2024.07.21"]
[EventType "tourn"]
[EventRounds "9"]
[EventCountry "IND"]
[EventCategory "2"]
[SourceTitle "CBM 221 Extra"]
[Source "ChessBase"]
[SourceDate "2024.09.30"]
[SourceVersion "1"]
[SourceVersionDate "2024.09.30"]
[SourceQuality "1"]

1. e4 c5 2. Nf3 d6 3. d4 cxd4 4. Nxd4 Nf6 5. Nc3 g6 6. Be3 Bg7 7. f3 Nc6 8. Qd2 Nxd4 9. Bxd4 0-0 10. 0-0-0 Be6 11. Kb1 a6 12. g4 b5 13. h4 b4 14. Ne2 a5 15. h5 a4 16. h6 Bh8 17. g5 Nd7 18. Bxh8 Kxh8 19. Qxb4 Qa5 20. Qxa5 Rxa5 21. Rg1 f6 22. Nd4 Bg8 23. gxf6 Rxf6 24. Nc6 Rh5 25. Nxe7 Rxh6 26. Bb5 Ne5 27. f4 Nf3 28. e5 Rxf4 29. exd6 Be6 30. Rgf1 Rd4 31. Rxd4 Nxd4 32. d7 1-0

[Event "Tamil Nadu IM 21st"]
[Site "Chennai"]
[Date "2024.07.25"]
[Round "7"]
[White "Sathvik, Adiga"]
[Black "Annageldyev, Orazly"]
[Result "1-0"]
[WhiteElo "2377"]
[BlackElo "2316"]
[PlyCount "85"]
[EventDate "2024.07.21"]
[EventType "tourn"]
[EventRounds "9"]
[EventCountry "IND"]
[EventCategory "2"]
[SourceTitle "CBM 221 Extra"]
[Source "ChessBase"]
[SourceDate "2024.09.30"]
[SourceVersion "1"]
[SourceVersionDate "2024.09.30"]
[SourceQuality "1"]

1. e4 c5 2. Nf3 d6 3. d4 cxd4 4. Nxd4 Nf6 5. Nc3 g6 6. Be3 Bg7 7. f3 a6 8. Qd2 h5 9. Be2 Nc6 10. 0-0 Bd7 11. h3 0-0 12. a4 Rc8 13. f4 Nxd4 14. Bxd4 Bc6 15. a5 e5 16. Bb6 Qe7 17. Bd3 exf4 18. Bd4 Bh6 19. Rae1 Nd7 20. Ne2 Ne5 21. Nxf4 Qg5 22. Be3 Qh4 23. Re2 Qe7 24. Kh1 Bg7 25. Ref2 Nd7 26. Qb4 Rce8 27. Re2 Qf6 28. Rb1 Nc5 29. Bd2 Qh4 30. Rbe1 Be5 31. Rf1 Ne6 32. Ref2 g5 33. g3 Qxg3 34. Rg2 Qh4 35. Be1 Qxf4 36. Rxf4 Bxf4 37. Bg3 Be5 38. Bxe5 dxe5 39. Qd6 f6 40. Bc4 Kf7 41. Rf2 Bxe4+ 42. Kh2 Bg6 43. Qd7+ 1-0

[Event "Tamil Nadu IM 21st"]
[Site "Chennai"]
[Date "2024.07.24"]
[Round "5"]
[White "Lokesh, N1."]
[Black "Annageldyev, Orazly"]
[Result "1-0"]
[WhiteElo "2214"]
[BlackElo "2316"]
[PlyCount "77"]
[EventDate "2024.07.21"]
[EventType "tourn"]
[EventRounds "9"]
[EventCountry "IND"]
[EventCategory "2"]
[SourceTitle "CBM 221 Extra"]
[Source "ChessBase"]
[SourceDate "2024.09.30"]
[SourceVersion "1"]
[SourceVersionDate "2024.09.30"]
[SourceQuality "1"]

1. e4 c5 2. Nf3 d6 3. d4 cxd4 4. Nxd4 Nf6 5. Nc3 g6 6. Be3 Bg7 7. f3 a6 8. Qd2 h5 9. 0-0-0 Nbd7 10. Kb1 b5 11. Nc6 Qc7 12. Nb4 Bb7 13. Bd4 Rc8 14. Nbd5 Qd8 15. h4 Kf8 16. Be2 Bh6 17. f4 e5 18. Be3 Bxd5 19. Nxd5 Nxe4 20. Qb4 Ndc5 21. fxe5 Bxe3 22. Nxe3 Qe7 23. exd6 Nxd6 24. Qd4 Kg8 25. Nd5 Qxe2 26. Rhe1 Ne6 27. Nf6+ Kg7 28. Nxh5+ Kh6 29. Qxh8+ Rxh8 30. Rxe2 Nf5 31. Nf6 Nxh4 32. a4 Kg7 33. Ne4 Nf4 34. Rf2 Nfxg2 35. Rd7 Rf8 36. Ng5 Kh6 37. Nxf7+ Kh5 38. axb5 axb5 39. Rd5+ 1-0